000 00689nam a2200253Ia 4500
003 OSt
005 20220918163842.0
006 a|||||r|||| 00| 0
007 ta
008 220917b |||||||| |||| 00| 0 eng d
020 _a0333192052
024 _a32,875
037 _cTextual
040 _aARTS
_cARTS
_beng
041 _2eng
_aeng
082 _aO111,2J73:g, L8
100 _aJohnson Ben
_915697
245 0 _aEveryman in hishumor and the alchemist ed by R V Holdsworth
260 _aLondon
_bMacMillan UK
_c1978
300 _a244p.
_ccm.
650 _aENGLISH LITERATURE
942 _hO111,2J73:g, L8
_cTEXL
_2CC
999 _c121813
_d121813